Blue Window (Sampler) (Record n. 99279)
[ formato base ]
| 000 -LEADER | |
|---|---|
| fixed length control field | 01404njm a2200289Ia 4500 |
| 001 - CONTROL NUMBER | |
| control field | F0803 |
| 003 - CONTROL NUMBER IDENTIFIER | |
| control field | IT-RoPAU |
| 005 - DATE AND TIME OF LATEST TRANSACTION | |
| control field | 20220918181114.0 |
| 008 - FIXED-LENGTH DATA ELEMENTS--GENERAL INFORMATION | |
| fixed length control field | 131025s9999 xx 000 0 und d |
| 040 ## - CATALOGING SOURCE | |
| Original cataloging agency | IT-RoPAU |
| 040 ## - CATALOGING SOURCE | |
| Transcribing agency | IT-RoPAU |
| 999 ## - SYSTEM CONTROL NUMBERS (KOHA) | |
| Koha Dewey Subclass [OBSOLETE] | n.d. |
| 100 ## - MAIN ENTRY--PERSONAL NAME | |
| Personal name | AA.VV. |
| 9 (RLIN) | 794 |
| 100 ## - MAIN ENTRY--PERSONAL NAME | |
| Relator term | Autore musica |
| 9 (RLIN) | 32347 |
| 100 ## - MAIN ENTRY--PERSONAL NAME | |
| Miscellaneous information | Codice autore musica SPICS: 12000 |
| 9 (RLIN) | 796 |
| 245 ## - TITLE STATEMENT | |
| Title | Blue Window (Sampler) |
| 250 ## - EDITION STATEMENT | |
| Edition statement | 1a ed. |
| 260 ## - PUBLICATION, DISTRIBUTION, ETC. (IMPRINT) | |
| Place of publication, distribution, etc. | MONZA |
| 260 ## - PUBLICATION, DISTRIBUTION, ETC. (IMPRINT) | |
| Name of publisher, distributor, etc. | NEW SOUNDS SRL |
| Date of publication, distribution, etc. | 1998 [1a Ed.: - Ed. Lingua Orig.: 1998] |
| 300 ## - PHYSICAL DESCRIPTION | |
| Extent | COMPACT DISC |
| 300 ## - PHYSICAL DESCRIPTION | |
| Dimensions | 74 minuti (Testo: pag.) |
| 500 ## - GENERAL NOTE | |
| General note | Musica strumentale. Musica di sottofondo. Cd allegato a "New Age Music & New Sounds". |
| 505 ## - FORMATTED CONTENTS NOTE | |
| Formatted contents note | Mt. Shasta (Zazen) - Moonlight Walk (Timmermans Tim) - Comino (Genuit K.) - Ahero's Good-Bye (Izzo T.-One) - Skye Boat Song (Shanon) - Song From A Secret Garden (Lovland R.-Agnew David) - My Father's Song (Kessler T.) - Col Vert (Nemirovski Bielka-Rousseau F.) - Watercolors (Gettel Michael) - Sand Mandala (Glass Philip) - High Frontier (Vedvik Tom) - The Nightingale (Henson-Conant Deborah) - The Cloud (Douglas Bill) - Return To Love (Jones Michael) - Surrender (Minowski J.-Braxton T.) - Space Dance (Scopece A.). |
| 650 ## - SUBJECT ADDED ENTRY--TOPICAL TERM | |
| Topical term or geographic name as entry element | STRUMENTALE [COMPACT DISC] |
| Relator term | Codice MATERIA SPICS: 9949 |
| 9 (RLIN) | 32348 |
| 700 ## - ADDED ENTRY--PERSONAL NAME | |
| Personal name | AA.VV. |
| Miscellaneous information | Codice interprete SPICS: 12000 |
| Relator term | Interprete |
| 9 (RLIN) | 32349 |
| 942 ## - ADDED ENTRY ELEMENTS (KOHA) | |
| Koha item type | CD AUDIO |
| Source of classification or shelving scheme | Dewey Decimal Classification |
| Withdrawn status | Lost status | Damaged status | Not for loan | Home library | Current library | Date acquired | Total Checkouts | Full call number | Date last seen | Price effective from | Koha item type | Public note |
|---|---|---|---|---|---|---|---|---|---|---|---|---|
| Buone Condizioni | Not For Loan | SPICS-MEDIATECA | SPICS-MEDIATECA | 25/10/2013 | F0803 | 25/10/2013 | 25/10/2013 | CD AUDIO | Progr. Ins.: 3340 / N.Vol.: 1 / Copie: 1 - Copia rara: n.d. / date import: 01.01.2014 - By Epidotti, Trombetti, Vaglietti |